<?xml version="1.0" encoding="UTF-8"?>
<record
    xmlns:xsi="http://www.w3.org/2001/XMLSchema-instance"
    xsi:schemaLocation="http://www.loc.gov/MARC21/slim http://www.loc.gov/standards/marcxml/schema/MARC21slim.xsd"
    xmlns="http://www.loc.gov/MARC21/slim">

  <leader>01707nam0a2200397   4500</leader>
  <controlfield tag="001">RU\NLR\bibl\2077206</controlfield>
  <controlfield tag="005">20250708191015.0</controlfield>
  <datafield tag="010" ind1=" " ind2=" ">
    <subfield code="a">5-85880-537-X</subfield>
    <subfield code="9">4000</subfield>
  </datafield>
  <datafield tag="035" ind1=" " ind2=" ">
    <subfield code="a">(NLR Aleph) 002071681</subfield>
  </datafield>
  <datafield tag="090" ind1=" " ind2=" ">
    <subfield code="a">4762169</subfield>
    <subfield code="c">4762169</subfield>
  </datafield>
  <datafield tag="100" ind1=" " ind2=" ">
    <subfield code="a">20131001d1997    |||y0rusy50      ca</subfield>
  </datafield>
  <datafield tag="101" ind1="1" ind2=" ">
    <subfield code="a">rus</subfield>
    <subfield code="c">und</subfield>
  </datafield>
  <datafield tag="102" ind1=" " ind2=" ">
    <subfield code="a">RU</subfield>
  </datafield>
  <datafield tag="105" ind1=" " ind2=" ">
    <subfield code="a">c   |||||||||</subfield>
  </datafield>
  <datafield tag="200" ind1="1" ind2=" ">
    <subfield code="a">&#x41C;&#x443;&#x437;&#x44B;&#x43A;&#x430;&#x43D;&#x442;&#x44B; &#x432; &#x437;&#x435;&#x440;&#x43A;&#x430;&#x43B;&#x435; &#x43C;&#x435;&#x434;&#x438;&#x446;&#x438;&#x43D;&#x44B;</subfield>
    <subfield code="f">&#x410;. &#x41D;&#x43E;&#x439;&#x43C;&#x430;&#x439;&#x440;</subfield>
    <subfield code="g">[&#x43F;&#x435;&#x440;. &#x415;.&#x421;. &#x421;&#x430;&#x43C;&#x43E;&#x439;&#x43B;&#x43E;&#x432;&#x438;&#x447;&#x430;]</subfield>
  </datafield>
  <datafield tag="210" ind1=" " ind2=" ">
    <subfield code="a">&#x420;&#x43E;&#x441;&#x442;&#x43E;&#x432;-&#x43D;&#x430;-&#x414;&#x43E;&#x43D;&#x443;</subfield>
    <subfield code="c">&#x424;&#x435;&#x43D;&#x438;&#x43A;&#x441;</subfield>
    <subfield code="a">&#x41C;&#x43E;&#x441;&#x43A;&#x432;&#x430;</subfield>
    <subfield code="c">&#x417;&#x435;&#x432;&#x441;</subfield>
    <subfield code="d">1997</subfield>
  </datafield>
  <datafield tag="215" ind1=" " ind2=" ">
    <subfield code="a">443, [2] &#x441;.</subfield>
    <subfield code="c">&#x43F;&#x43E;&#x440;&#x442;&#x440;.</subfield>
    <subfield code="d">21</subfield>
  </datafield>
  <datafield tag="225" ind1="1" ind2=" ">
    <subfield code="a">&#x421;&#x43B;&#x435;&#x434; &#x432; &#x438;&#x441;&#x442;&#x43E;&#x440;&#x438;&#x438;</subfield>
  </datafield>
  <datafield tag="320" ind1=" " ind2=" ">
    <subfield code="a">&#x411;&#x438;&#x431;&#x43B;&#x438;&#x43E;&#x433;&#x440;.: &#x441;. 435-444</subfield>
  </datafield>
  <datafield tag="327" ind1="1" ind2=" ">
    <subfield code="a">&#x421;&#x43E;&#x434;&#x435;&#x440;&#x436;.: &#x424;&#x440;&#x435;&#x434;&#x435;&#x440;&#x438;&#x43A; &#x428;&#x43E;&#x43F;&#x435;&#x43D;, &#x411;&#x435;&#x434;&#x440;&#x436;&#x438;&#x445; &#x421;&#x43C;&#x435;&#x442;&#x430;&#x43D;&#x430;, &#x41F;&#x435;&#x442;&#x440; &#x418;&#x43B;&#x44C;&#x438;&#x447; &#x427;&#x430;&#x439;&#x43A;&#x43E;&#x432;&#x441;&#x43A;&#x438;&#x439;, &#x413;&#x443;&#x441;&#x442;&#x430;&#x432; &#x41C;&#x430;&#x43B;&#x435;&#x440;</subfield>
  </datafield>
  <datafield tag="600" ind1=" " ind2="1">
    <subfield code="a">&#x428;&#x43E;&#x43F;&#x435;&#x43D;</subfield>
    <subfield code="b">&#x424;.</subfield>
    <subfield code="f">1810 - 1849</subfield>
    <subfield code="g">&#x424;&#x440;&#x438;&#x434;&#x435;&#x440;&#x438;&#x43A;</subfield>
    <subfield code="9">999099</subfield>
    <subfield code="3">RU\NLR\auth\66378603</subfield>
  </datafield>
  <datafield tag="600" ind1=" " ind2="1">
    <subfield code="a">&#x421;&#x43C;&#x435;&#x442;&#x430;&#x43D;&#x430;</subfield>
    <subfield code="b">&#x411;.</subfield>
    <subfield code="f">1824 - 1884</subfield>
    <subfield code="g">&#x411;&#x435;&#x434;&#x440;&#x436;&#x438;&#x445;</subfield>
    <subfield code="9">1669593</subfield>
    <subfield code="3">RU\NLR\auth\66740355</subfield>
  </datafield>
  <datafield tag="600" ind1=" " ind2="1">
    <subfield code="a">&#x427;&#x430;&#x439;&#x43A;&#x43E;&#x432;&#x441;&#x43A;&#x438;&#x439;</subfield>
    <subfield code="b">&#x41F;. &#x418;.</subfield>
    <subfield code="f">1840 - 1893</subfield>
    <subfield code="g">&#x41F;&#x435;&#x442;&#x440; &#x418;&#x43B;&#x44C;&#x438;&#x447;</subfield>
    <subfield code="9">988650</subfield>
    <subfield code="3">RU\NLR\auth\66373114</subfield>
  </datafield>
  <datafield tag="600" ind1=" " ind2="1">
    <subfield code="a">&#x41C;&#x430;&#x43B;&#x435;&#x440;</subfield>
    <subfield code="b">&#x413;.</subfield>
    <subfield code="f">1860 - 1911</subfield>
    <subfield code="g">&#x413;&#x443;&#x441;&#x442;&#x430;&#x432;</subfield>
    <subfield code="9">1595537</subfield>
    <subfield code="3">RU\NLR\auth\66701718</subfield>
  </datafield>
  <datafield tag="686" ind1=" " ind2=" ">
    <subfield code="a">&#x420;.&#x44F;9</subfield>
  </datafield>
  <datafield tag="686" ind1=" " ind2=" ">
    <subfield code="a">&#x429;313(4&#x41F;)51-81&#x428;&#x43E;&#x43F;&#x435;&#x43D;</subfield>
  </datafield>
  <datafield tag="686" ind1=" " ind2=" ">
    <subfield code="a">&#x429;313(4&#x427;&#x435;)151-81&#x421;&#x43C;&#x435;&#x442;&#x430;&#x43D;&#x430;</subfield>
  </datafield>
  <datafield tag="686" ind1=" " ind2=" ">
    <subfield code="a">&#x429;313(2&#x420;=&#x420;&#x443;&#x441;)51-81&#x427;&#x430;&#x439;&#x43A;&#x43E;&#x432;&#x441;&#x43A;&#x438;&#x439;</subfield>
  </datafield>
  <datafield tag="686" ind1=" " ind2=" ">
    <subfield code="a">&#x429;313(4&#x410;)53-81&#x41C;&#x430;&#x43B;&#x435;&#x440;</subfield>
  </datafield>
  <datafield tag="700" ind1=" " ind2="1">
    <subfield code="4">070</subfield>
    <subfield code="7">ca</subfield>
    <subfield code="8">rus</subfield>
    <subfield code="a">&#x41D;&#x43E;&#x439;&#x43C;&#x430;&#x439;&#x440;</subfield>
    <subfield code="b">&#x410;.</subfield>
    <subfield code="f">1920-2017</subfield>
    <subfield code="g">&#x410;&#x43D;&#x442;&#x43E;&#x43D;</subfield>
    <subfield code="9">188669</subfield>
    <subfield code="3">RU\NLR\AUTH\770188720</subfield>
  </datafield>
  <datafield tag="801" ind1=" " ind2="0">
    <subfield code="a">RU</subfield>
    <subfield code="b">NLR</subfield>
    <subfield code="c">20131001</subfield>
    <subfield code="g">RCR</subfield>
  </datafield>
  <datafield tag="801" ind1=" " ind2="1">
    <subfield code="a">RU</subfield>
    <subfield code="b">NLR</subfield>
    <subfield code="c">20131001</subfield>
  </datafield>
  <datafield tag="942" ind1=" " ind2=" ">
    <subfield code="c">BOOK</subfield>
  </datafield>
  <datafield tag="980" ind1=" " ind2=" ">
    <subfield code="a">NB</subfield>
  </datafield>
  <datafield tag="995" ind1=" " ind2=" ">
    <subfield code="5">2013-10-01</subfield>
    <subfield code="a">ah</subfield>
    <subfield code="b">NLR01</subfield>
    <subfield code="c">NLR01</subfield>
    <subfield code="e">RF8</subfield>
    <subfield code="f">1-311718</subfield>
    <subfield code="k">2013-3/29817</subfield>
    <subfield code="o">0</subfield>
    <subfield code="p">520.00</subfield>
    <subfield code="r">BOOK</subfield>
    <subfield code="s">2013329817_</subfield>
  </datafield>
</record>
